000 00417nam a2200169Ia 4500
001 18624
003 IN-NITTTR
005 20251114233216.0
008 251113s9999||||xx |||||||||||||| ||eng||
040 _beng
040 _cIN-NITTTR
041 _aeng
082 _a025.42 K142C
100 _aKapur, Shabad
245 0 _aClassification and cataloguing :
_b a select bibliography /
_cKapur, Shabad
942 _2ddc
_cBK
999 _c21258
_d21258